000 00595nam a2200193 a 4500
005 20140310183219.0
008 030925s19uu xx 00 eng d
020 _a9814057517
050 _aHF 5549
_b.K537 2000
100 _aKleiman, Lawrence S.
245 _aHuman resource management :
_bA managerial tool for competitive advantage /
_cLawrence S. Kleiman.
250 _a2nd ed.
260 _aCincinnati :
_bSouth-Western College Pub.,
_c2000.
300 _axxvi, 483 p. :
_bill. ;
_c25 cm.
521 _aBSBA
650 _aPersonnel Management
942 _cBK
_2lcc
_kFOR
999 _c20287
_d20287